| 000 | 00910nam a2200217 a 4500 | ||
|---|---|---|---|
| 001 | 64291 | ||
| 003 | BD-RjUL | ||
| 005 | 20211209081306.0 | ||
| 008 | 170213s1982 bg ||||| |||| 00| 0 eng d | ||
| 035 | _a(BD-RjUL)64421 | ||
| 040 |
_aBD-RjUL _bben _cBD-RjUL |
||
| 041 | _aben | ||
| 082 |
_223 _a891.44092 _bAHM 1982 |
||
| 100 | 1 |
_a আহমদ, সফিউদ্দিন _9188557 |
|
| 245 |
_aমানুষ ও শিল্পী বিদ্যাসাগর / _cসফিউদ্দিন আহমদ |
||
| 260 |
_aঢাকা : _bনওরোজ কিতাবিস্তান, _c১৯৮২ [১৩৮৯] |
||
| 300 |
_a৩৬০ পৃ. ; _c২১ সেমি. |
||
| 600 |
_aবিদ্যাসাগর, ঈশ্বরচন্দ্র _d১৮২০-১৮৯১ _qজীবনী _9173508 |
||
| 600 |
_aBidyāsāgara, Īśwaracandra, _d1820-1891 _qBiography _9190921 |
||
| 942 |
_2ddc _cBK |
||
| 999 |
_c64291 _d64291 |
||